000
00209 a2200109 4500
020
_a
9781512497700
041
_a
spa
100
_a
Moon, Walt K.
245
_a
Exploremos la luna
942
_c
BK
952
_7
1
999
_c
20503
_d
20503